Statistiques concernant Les 20 livres les plus vendus au monde

Cliquez ici pour prendre le quiz!

Statistiques générales

  • Ce quiz a été pris 1 648 fois
  • Le résultat moyen est 5 sur 20

Statistiques - réponses

Exemplaires vendusLivres% Correct
4 milliardsLa Bible
90%
450 millionsLa saga "Harry Potter"
83%
plus de 3 milliardsLe Coran
80%
150 millionsLe seigneur des anneaux
51%
140 millionsLe Petit Prince
38%
800 millionsLes Citations du président Mao Tse-Toung
19%
100 millionsBilbo le Hobbit
18%
86 millionsDa Vinci Code
15%
85 millionsLe lion, la Sorcière blanche et l'armoire magique de la saga Narnia
12%
60 millionsLes aventures de Sherlock Holmes
10%
100 millionsAlice au pays des merveilles
8%
100 millionsDix petits nègres
8%
500 millionsDon Quijote de la Mancha
8%
65 millionsL'alchimiste
7%
65 millionsL'attrape-coeurs
5%
50 millionsMillenium
5%
83 millionsElle
3%
60 millionsVingt mille lieues sous les mers
3%
100 millionsLe rêve dans le pavillon rouge
2%
200 millionsLes contes de Deux cités
0%

Distribution des résultats

Percentile par nombre de réponses

% des personnes avec chaque résultat

Votre développement - résultats

Vous n’avez pas pris ce quiz